[Event "World Chess Olympiad 2018"]
[Site "Batumi"]
[Date "2018.10.04"]
[Round "10"]
[Board "1"]
[WhiteFideId "24116068"]
[White "Giri Anish"]
[BlackFideId "5007003"]
[Black "Harikrishna Pentala"]
[Result "1/2-1/2"]
[LiveChessVersion "1.4.8"]
[BlackElo "2743"]
[WhiteElo "2780"]

1. d4 {[%clk 1:30:57]} Nf6 {[%clk 1:30:51]} 2. c4 {[%clk 1:31:23]} e6
{[%clk 1:31:13]} 3. Nf3 {[%clk 1:31:45]} d5 {[%clk 1:31:33]} 4. Nc3
{[%clk 1:32:12]} Bb4 {[%clk 1:31:52]} 5. Bg5 {[%clk 1:32:34]} h6 {[%clk 1:32:09]}
6. Bxf6 {[%clk 1:32:14]} Qxf6 {[%clk 1:32:29]} 7. e3 {[%clk 1:32:22]} O-O
{[%clk 1:32:29]} 8. Rc1 {[%clk 1:32:39]} Nc6 {[%clk 1:32:07]} 9. cxd5
{[%clk 1:32:15]} exd5 {[%clk 1:32:28]} 10. Bd3 {[%clk 1:26:02]} Ne7
{[%clk 1:28:12]} 11. a3 {[%clk 1:26:16]} Bxc3+ {[%clk 1:27:20]} 12. bxc3
{[%clk 1:26:41]} c5 {[%clk 1:25:02]} 13. dxc5 {[%clk 1:26:32]} Bg4
{[%clk 1:15:39]} 14. Be2 {[%clk 1:25:03]} Rfc8 {[%clk 1:09:24]} 15. Qd4
{[%clk 1:20:51]} Bxf3 {[%clk 1:08:18]} 16. gxf3 {[%clk 1:13:46]} b6
{[%clk 1:01:02]} 17. Qxf6 {[%clk 1:05:30]} gxf6 {[%clk 0:59:36]} 18. cxb6
{[%clk 1:05:49]} axb6 {[%clk 1:00:01]} 19. Kd2 {[%clk 1:05:59]} Rxa3
{[%clk 1:00:11]} 20. Rc2 {[%clk 1:06:06]} Rc6 {[%clk 0:53:53]} 21. Rb1
{[%clk 1:04:19]} f5 {[%clk 0:47:03]} 22. f4 {[%clk 1:03:17]} Nc8 {[%clk 0:47:18]}
23. Bb5 {[%clk 1:00:33]} Rg6 {[%clk 0:43:37]} 24. Kd3 {[%clk 0:52:22]} Kf8
{[%clk 0:34:41]} 25. Kd4 {[%clk 0:46:30]} Ne7 {[%clk 0:34:29]} 26. h4
{[%clk 0:41:33]} Rd6 {[%clk 0:32:17]} 27. h5 {[%clk 0:40:28]} Kg7
{[%clk 0:31:07]} 28. Rcb2 {[%clk 0:33:00]} Kf8 {[%clk 0:30:18]} 29. Rb3
{[%clk 0:30:18]} Ra7 {[%clk 0:19:16]} 30. Be2 {[%clk 0:29:08]} Rb7
{[%clk 0:18:29]} 31. Bf3 {[%clk 0:24:41]} Nc6+ {[%clk 0:16:39]} 32. Kd3
{[%clk 0:25:09]} Ke7 {[%clk 0:16:44]} 33. Rb5 {[%clk 0:22:36]} Ke6
{[%clk 0:16:44]} 34. Kd2 {[%clk 0:22:25]} Na7 {[%clk 0:16:33]} 35. R5b2
{[%clk 0:20:32]} Nc8 {[%clk 0:16:32]} 36. Be2 {[%clk 0:18:29]} Ra7
{[%clk 0:15:56]} 37. Bb5 {[%clk 0:16:15]} Rd8 {[%clk 0:13:39]} 38. Bd3
{[%clk 0:16:35]} Ra3 {[%clk 0:11:44]} 39. Rb4 {[%clk 0:14:25]} Rd6
{[%clk 0:10:50]} 40. R1b3 {[%clk 0:40:55]} Ra2+ {[%clk 0:40:30]} 41. Bc2
{[%clk 0:39:34]} Rc6 {[%clk 0:37:44]} 42. Kd3 {[%clk 0:35:25]} Ke7
{[%clk 0:32:59]} 43. Rb1 {[%clk 0:31:38]} Ke6 {[%clk 0:29:36]} 44. Ra4
{[%clk 0:30:19]} Rxa4 {[%clk 0:29:55]} 45. Bxa4 {[%clk 0:30:48]} Rc5
{[%clk 0:28:55]} 46. Rb4 {[%clk 0:25:42]} Ra5 {[%clk 0:28:37]} 47. f3
{[%clk 0:23:30]} Kd6 {[%clk 0:25:55]} 48. Kd4 {[%clk 0:20:03]} Ra6
{[%clk 0:24:44]} 49. c4 {[%clk 0:15:42]} dxc4 {[%clk 0:21:13]} 50. Bb5
{[%clk 0:15:34]} Ra3 {[%clk 0:17:45]} 51. Bxc4 {[%clk 0:12:35]} Ne7
{[%clk 0:16:50]} 52. Rb3 {[%clk 0:11:38]} Rxb3 {[%clk 0:15:19]} 53. Bxb3
{[%clk 0:11:58]} f6 {[%clk 0:14:25]} 54. Ba4 {[%clk 0:12:01]} Nd5
{[%clk 0:14:21]} 55. Bc2 {[%clk 0:12:24]} Ne7 {[%clk 0:14:40]} 56. Bd3
{[%clk 0:11:55]} Nc6+ {[%clk 0:14:25]} 57. Kc4 {[%clk 0:12:19]} Ne7
{[%clk 0:14:51]} 58. Kd4 {[%clk 0:09:48]} Nc6+ {[%clk 0:15:14]} 59. Kc4
{[%clk 0:10:15]} Ne7 {[%clk 0:15:39]} 1/2-1/2

[Event "World Chess Olympiad 2018"]
[Site "Batumi"]
[Date "2018.10.04"]
[Round "10"]
[Board "2"]
[WhiteFideId "5029465"]
[White "Vidit Santosh Gujrathi"]
[BlackFideId "1007998"]
[Black "L'Ami Erwin"]
[Result "1/2-1/2"]
[LiveChessVersion "1.4.8"]
[BlackElo "2639"]
[WhiteElo "2711"]

1. d4 {[%clk 1:30:55]} Nf6 {[%clk 1:30:47]} 2. c4 {[%clk 1:31:19]} e6
{[%clk 1:30:58]} 3. Nf3 {[%clk 1:31:23]} d5 {[%clk 1:31:18]} 4. g3
{[%clk 1:31:43]} dxc4 {[%clk 1:31:39]} 5. Bg2 {[%clk 1:31:03]} a6
{[%clk 1:31:59]} 6. O-O {[%clk 1:30:47]} Nc6 {[%clk 1:32:18]} 7. Nbd2
{[%clk 1:21:58]} b5 {[%clk 1:23:42]} 8. b3 {[%clk 1:19:54]} c3 {[%clk 1:20:09]}
9. Nb1 {[%clk 1:19:43]} b4 {[%clk 1:18:47]} 10. a3 {[%clk 1:20:08]} Bb7
{[%clk 1:15:49]} 11. axb4 {[%clk 1:12:12]} Bxb4 {[%clk 1:12:39]} 12. Ne5
{[%clk 1:03:02]} Nd5 {[%clk 1:04:31]} 13. Nxc6 {[%clk 1:01:05]} Bxc6
{[%clk 1:04:52]} 14. Qc2 {[%clk 1:00:26]} O-O {[%clk 0:58:53]} 15. e4
{[%clk 0:54:45]} Nf6 {[%clk 0:49:53]} 16. Rd1 {[%clk 0:53:50]} h6
{[%clk 0:45:29]} 17. f3 {[%clk 0:45:50]} Bb7 {[%clk 0:41:36]} 18. Ba3
{[%clk 0:45:08]} Bxa3 {[%clk 0:33:38]} 19. Rxa3 {[%clk 0:43:21]} Nd7
{[%clk 0:32:21]} 20. Qxc3 {[%clk 0:35:03]} f5 {[%clk 0:31:50]} 21. Nd2
{[%clk 0:35:07]} Nf6 {[%clk 0:28:59]} 22. Ra5 {[%clk 0:35:08]} fxe4
{[%clk 0:27:08]} 23. Nxe4 {[%clk 0:30:24]} Bd5 {[%clk 0:24:38]} 24. Nc5
{[%clk 0:28:10]} Nd7 {[%clk 0:18:39]} 25. Nxa6 {[%clk 0:26:42]} c6
{[%clk 0:14:43]} 26. b4 {[%clk 0:25:06]} e5 {[%clk 0:14:52]} 27. Nc5
{[%clk 0:11:34]} exd4 {[%clk 0:13:36]} 28. Qxd4 {[%clk 0:11:58]} Nxc5
{[%clk 0:11:17]} 29. Qxc5 {[%clk 0:08:29]} Qf6 {[%clk 0:08:57]} 30. Qd4
{[%clk 0:08:22]} Rab8 {[%clk 0:06:52]} 31. f4 {[%clk 0:06:47]} Bxg2
{[%clk 0:04:59]} 32. Kxg2 {[%clk 0:07:09]} Qe7 {[%clk 0:05:09]} 33. Ra7
{[%clk 0:07:13]} Rb7 {[%clk 0:05:33]} 34. Rxb7 {[%clk 0:05:51]} Qxb7
{[%clk 0:06:00]} 35. Qc4+ {[%clk 0:05:19]} Kh8 {[%clk 0:06:07]} 36. Qe4
{[%clk 0:05:36]} Qf7 {[%clk 0:01:55]} 37. Qxc6 {[%clk 0:05:01]} Qb3
{[%clk 0:02:05]} 38. Qd6 {[%clk 0:04:58]} Re8 {[%clk 0:02:18]} 39. Rd2
{[%clk 0:04:30]} Qb1 {[%clk 0:02:38]} 40. h4 {[%clk 0:31:55]} Qe4+
{[%clk 0:31:10]} 41. Kh2 {[%clk 0:27:00]} Qf3 {[%clk 0:29:58]} 42. Qc5
{[%clk 0:15:26]} Re2+ {[%clk 0:26:40]} 43. Rxe2 {[%clk 0:15:52]} Qxe2+
{[%clk 0:27:05]} 44. Kh3 {[%clk 0:16:03]} h5 {[%clk 0:27:23]} 45. Qd5
{[%clk 0:09:49]} Kh7 {[%clk 0:25:49]} 46. Qg2 {[%clk 0:09:32]} Qd1
{[%clk 0:24:31]} 47. Kh2 {[%clk 0:09:20]} Qb1 {[%clk 0:24:19]} 48. Qe2
{[%clk 0:09:12]} Qxb4 {[%clk 0:23:55]} 49. Qxh5+ {[%clk 0:09:39]} Kg8
{[%clk 0:24:21]} 50. Qe8+ {[%clk 0:09:30]} Kh7 {[%clk 0:24:47]} 51. Qh5+
{[%clk 0:09:02]} Kg8 {[%clk 0:25:11]} 52. Qe8+ {[%clk 0:08:58]} Kh7
{[%clk 0:25:38]} 53. h5 {[%clk 0:09:21]} Qd2+ {[%clk 0:25:21]} 54. Kh3
{[%clk 0:09:48]} Qd1 {[%clk 0:25:30]} 55. Qe4+ {[%clk 0:08:55]} Kh8
{[%clk 0:25:51]} 56. g4 {[%clk 0:07:29]} Qf1+ {[%clk 0:22:47]} 57. Kh4
{[%clk 0:07:47]} Qf2+ {[%clk 0:23:10]} 58. Kg5 {[%clk 0:08:07]} Qc5+
{[%clk 0:23:34]} 59. Qe5 {[%clk 0:07:54]} Qc6 {[%clk 0:23:58]} 60. f5
{[%clk 0:06:39]} Qh6+ {[%clk 0:23:29]} 61. Kh4 {[%clk 0:07:08]} Qc1
{[%clk 0:23:24]} 62. f6 {[%clk 0:05:51]} Qh1+ {[%clk 0:18:53]} 63. Kg5
{[%clk 0:06:09]} Qc1+ {[%clk 0:19:15]} 64. Kg6 {[%clk 0:05:51]} Qc2+
{[%clk 0:19:21]} 65. Qf5 {[%clk 0:04:50]} Qc6 {[%clk 0:19:30]} 66. Qf4
{[%clk 0:04:06]} Qc2+ {[%clk 0:17:37]} 67. Kg5 {[%clk 0:04:08]} Qc5+
{[%clk 0:17:34]} 68. Kh4 {[%clk 0:04:18]} Qc6 {[%clk 0:16:27]} 69. fxg7+
{[%clk 0:01:29]} Kxg7 {[%clk 0:16:41]} 70. Qe5+ {[%clk 0:01:34]} Kh7
{[%clk 0:16:44]} 71. Qe7+ {[%clk 0:01:52]} Kh8 {[%clk 0:16:38]} 72. Qe5+
{[%clk 0:01:26]} Kh7 {[%clk 0:16:56]} 73. Kg5 {[%clk 0:01:53]} Qh6+
{[%clk 0:16:59]} 74. Kf5 {[%clk 0:02:20]} Qf8+ {[%clk 0:17:15]} 75. Ke4
{[%clk 0:02:41]} Qb4+ {[%clk 0:17:20]} 76. Kf3 {[%clk 0:03:00]} Qa3+
{[%clk 0:17:16]} 77. Kf4 {[%clk 0:03:01]} Qc1+ {[%clk 0:17:04]} 78. Kf5
{[%clk 0:03:01]} Qc8+ {[%clk 0:17:06]} 79. Qe6 {[%clk 0:03:19]} Qf8+
{[%clk 0:17:07]} 80. Ke4 {[%clk 0:02:26]} Qb4+ {[%clk 0:16:57]} 81. Kf3
{[%clk 0:02:53]} Qc3+ {[%clk 0:16:38]} 82. Qe3 {[%clk 0:03:17]} Qf6+
{[%clk 0:16:55]} 83. Kg3 {[%clk 0:03:42]} Qd6+ {[%clk 0:17:02]} 84. Kh3
{[%clk 0:03:24]} Qc6 {[%clk 0:16:41]} 85. Qe7+ {[%clk 0:03:21]} Kh8
{[%clk 0:16:26]} 86. Kg3 {[%clk 0:02:20]} Qc4 {[%clk 0:15:25]} 87. h6
{[%clk 0:01:28]} Qf7 {[%clk 0:15:24]} 88. Qe5+ {[%clk 0:01:00]} Kh7
{[%clk 0:15:46]} 89. g5 {[%clk 0:01:14]} Kg6 {[%clk 0:13:43]} 90. Qf4
{[%clk 0:01:09]} Qe6 {[%clk 0:13:44]} 91. Kf2 {[%clk 0:01:02]} Qa2+
{[%clk 0:13:54]} 92. Kf3 {[%clk 0:01:22]} Qb3+ {[%clk 0:13:54]} 93. Qe3
{[%clk 0:01:35]} Qd1+ {[%clk 0:13:53]} 94. Kf4 {[%clk 0:01:25]} Qd6+
{[%clk 0:14:10]} 95. Kg4 {[%clk 0:01:09]} Qd7+ {[%clk 0:14:11]} 96. Kh4
{[%clk 0:01:29]} Qa4+ {[%clk 0:14:32]} 97. Kg3 {[%clk 0:01:58]} Qc6
{[%clk 0:13:38]} 98. Qe5 {[%clk 0:02:11]} Qb6 {[%clk 0:11:46]} 99. Kf3
{[%clk 0:01:19]} Qb3+ {[%clk 0:11:42]} 100. Kf4 {[%clk 0:01:16]} Qf7+
{[%clk 0:11:58]} 101. Ke3 {[%clk 0:01:29]} Qb3+ {[%clk 0:12:11]} 102. Kd2
{[%clk 0:01:42]} Qa2+ {[%clk 0:12:15]} 103. Kd3 {[%clk 0:01:09]} Qb3+
{[%clk 0:12:33]} 104. Ke4 {[%clk 0:01:29]} Qc4+ {[%clk 0:12:42]} 105. Ke3
{[%clk 0:01:50]} Qb3+ {[%clk 0:13:01]} 106. Kf4 {[%clk 0:02:14]} Qf7+
{[%clk 0:13:27]} 107. Kg3 {[%clk 0:01:01]} Qb3+ {[%clk 0:13:48]} 108. Kg4
{[%clk 0:01:21]} Qc4+ {[%clk 0:14:14]} 109. Qf4 {[%clk 0:01:29]} Qe6+
{[%clk 0:14:12]} 110. Kf3 {[%clk 0:01:43]} Qb3+ {[%clk 0:14:11]} 111. Qe3
{[%clk 0:01:56]} Qf7+ {[%clk 0:13:21]} 112. Ke2 {[%clk 0:01:47]} Qa2+
{[%clk 0:13:42]} 113. Qd2 {[%clk 0:02:08]} Qe6+ {[%clk 0:14:07]} 114. Kd1
{[%clk 0:02:30]} Qg4+ {[%clk 0:14:09]} 115. Kc2 {[%clk 0:02:16]} Qa4+
{[%clk 0:14:32]} 116. Kb1 {[%clk 0:02:09]} Qb3+ {[%clk 0:14:22]} 117. Kc1
{[%clk 0:01:31]} Qa3+ {[%clk 0:14:41]} 118. Kd1 {[%clk 0:01:49]} Qf3+
{[%clk 0:14:24]} 119. Kc2 {[%clk 0:02:14]} Qc6+ {[%clk 0:14:46]} 120. Qc3
{[%clk 0:01:41]} Qa4+ {[%clk 0:14:37]} 121. Kd3 {[%clk 0:00:55]} Qb5+
{[%clk 0:14:16]} 122. Kc2 {[%clk 0:01:06]} Qe2+ {[%clk 0:14:13]} 123. Kc1
{[%clk 0:01:17]} Qf1+ {[%clk 0:14:27]} 124. Kc2 {[%clk 0:01:01]} Qe2+
{[%clk 0:14:51]} 125. Qd2 {[%clk 0:00:58]} Qc4+ {[%clk 0:15:10]} 126. Kb1
{[%clk 0:01:22]} Qb3+ {[%clk 0:15:22]} 127. Ka1 {[%clk 0:01:22]} Qa3+
{[%clk 0:15:26]} 128. Qa2 {[%clk 0:01:51]} Qc3+ {[%clk 0:15:42]} 129. Qb2
{[%clk 0:02:08]} Qa5+ {[%clk 0:16:03]} 130. Kb1 {[%clk 0:02:36]} Qe1+
{[%clk 0:16:18]} 131. Kc2 {[%clk 0:01:48]} Qe2+ {[%clk 0:16:21]} 132. Kb1
{[%clk 0:01:27]} Qd1+ {[%clk 0:16:42]} 133. Ka2 {[%clk 0:01:57]} Qa4+
{[%clk 0:17:04]} 134. Qa3 {[%clk 0:02:26]} Qc2+ {[%clk 0:17:21]} 135. Ka1
{[%clk 0:02:55]} Qd1+ {[%clk 0:17:42]} 136. Kb2 {[%clk 0:03:25]} Qd2+
{[%clk 0:17:56]} 137. Kb3 {[%clk 0:03:54]} Qd3+ {[%clk 0:18:15]} 138. Kb2
{[%clk 0:03:19]} Qd2+ {[%clk 0:18:36]} 139. Kb1 {[%clk 0:03:48]} Qd1+
{[%clk 0:18:59]} 140. Qc1 {[%clk 0:04:12]} 1/2-1/2

[Event "World Chess Olympiad 2018"]
[Site "Batumi"]
[Date "2018.10.04"]
[Round "10"]
[Board "3"]
[WhiteFideId "1000268"]
[White "Van Wely Loek"]
[BlackFideId "5018471"]
[Black "Adhiban B."]
[Result "0-1"]
[LiveChessVersion "1.4.8"]
[BlackElo "2668"]
[WhiteElo "2642"]

1. d4 {[%clk 1:30:56]} d6 {[%clk 1:30:39]} 2. Nf3 {[%clk 1:31:04]} Nf6
{[%clk 1:31:05]} 3. g3 {[%clk 1:30:12]} g6 {[%clk 1:31:31]} 4. Bg2
{[%clk 1:30:34]} Bg7 {[%clk 1:31:57]} 5. c4 {[%clk 1:30:43]} O-O {[%clk 1:32:22]}
6. Nc3 {[%clk 1:31:03]} Nbd7 {[%clk 1:32:48]} 7. O-O {[%clk 1:31:21]} e5
{[%clk 1:33:15]} 8. e4 {[%clk 1:31:32]} c6 {[%clk 1:33:39]} 9. h3
{[%clk 1:28:15]} Qb6 {[%clk 1:34:04]} 10. Re1 {[%clk 1:23:31]} exd4
{[%clk 1:34:24]} 11. Nxd4 {[%clk 1:23:55]} Re8 {[%clk 1:34:51]} 12. Nc2
{[%clk 1:12:58]} Ne5 {[%clk 1:12:55]} 13. b3 {[%clk 1:09:44]} Be6
{[%clk 0:59:31]} 14. Ne3 {[%clk 1:07:23]} Nfd7 {[%clk 0:54:48]} 15. Bb2
{[%clk 0:58:30]} Nc5 {[%clk 0:53:17]} 16. Bf1 {[%clk 0:58:43]} Bxh3
{[%clk 0:30:28]} 17. Bxh3 {[%clk 0:45:57]} Ned3 {[%clk 0:29:40]} 18. Qc2
{[%clk 0:42:20]} Nxb2 {[%clk 0:30:05]} 19. Bf1 {[%clk 0:41:19]} Re6
{[%clk 0:24:59]} 20. Rab1 {[%clk 0:33:31]} Qa5 {[%clk 0:22:47]} 21. Rec1
{[%clk 0:26:13]} Rae8 {[%clk 0:20:42]} 22. Rxb2 {[%clk 0:19:59]} Nxe4
{[%clk 0:21:03]} 23. Nxe4 {[%clk 0:18:07]} Bxb2 {[%clk 0:20:15]} 24. Qxb2
{[%clk 0:17:53]} Rxe4 {[%clk 0:20:26]} 25. Bg2 {[%clk 0:13:46]} Qe5
{[%clk 0:19:01]} 26. Qxe5 {[%clk 0:09:34]} R4xe5 {[%clk 0:19:27]} 27. Rd1
{[%clk 0:09:51]} R8e6 {[%clk 0:18:52]} 28. b4 {[%clk 0:09:32]} a6
{[%clk 0:14:32]} 29. a4 {[%clk 0:09:36]} Kg7 {[%clk 0:13:34]} 30. Kf1
{[%clk 0:09:57]} a5 {[%clk 0:08:56]} 31. b5 {[%clk 0:09:09]} Rc5 {[%clk 0:09:24]}
32. Ke2 {[%clk 0:08:22]} Rxc4 {[%clk 0:09:23]} 33. bxc6 {[%clk 0:07:45]} bxc6
{[%clk 0:09:48]} 34. Rxd6 {[%clk 0:07:43]} Rxa4 {[%clk 0:09:20]} 35. Rd2
{[%clk 0:06:52]} Rc4 {[%clk 0:06:03]} 36. Ra2 {[%clk 0:06:34]} Rc5
{[%clk 0:05:58]} 37. g4 {[%clk 0:04:22]} h6 {[%clk 0:04:05]} 38. Ra3
{[%clk 0:04:06]} Rc2+ {[%clk 0:02:10]} 39. Kf1 {[%clk 0:03:44]} Rc1+
{[%clk 0:02:13]} 40. Ke2 {[%clk 0:34:08]} Rc2+ {[%clk 0:32:26]} 41. Kf1
{[%clk 0:34:32]} Rc5 {[%clk 0:30:24]} 42. Ke2 {[%clk 0:34:01]} h5
{[%clk 0:21:15]} 43. gxh5 {[%clk 0:34:14]} Rxh5 {[%clk 0:21:43]} 44. Ra4
{[%clk 0:30:49]} Rb5 {[%clk 0:20:44]} 45. Ra2 {[%clk 0:26:16]} f5
{[%clk 0:19:01]} 46. Kd3 {[%clk 0:26:06]} f4 {[%clk 0:18:32]} 47. Nd1
{[%clk 0:23:29]} Rd6+ {[%clk 0:16:03]} 48. Kc2 {[%clk 0:23:51]} Rc5+
{[%clk 0:15:12]} 49. Nc3 {[%clk 0:24:15]} Rd4 {[%clk 0:11:26]} 50. Bf1
{[%clk 0:24:05]} g5 {[%clk 0:10:37]} 51. f3 {[%clk 0:21:28]} g4 {[%clk 0:10:19]}
52. fxg4 {[%clk 0:21:52]} f3 {[%clk 0:10:46]} 53. Ra1 {[%clk 0:19:58]} Rxg4
{[%clk 0:11:01]} 54. Kd3 {[%clk 0:19:19]} Re5 {[%clk 0:10:43]} 55. Ra2
{[%clk 0:13:52]} Kg6 {[%clk 0:08:27]} 56. Rf2 {[%clk 0:13:08]} Rf4
{[%clk 0:08:42]} 57. Bh3 {[%clk 0:13:05]} c5 {[%clk 0:07:40]} 58. Bc8
{[%clk 0:13:07]} Rd4+ {[%clk 0:07:09]} 59. Kc2 {[%clk 0:13:29]} Re3
{[%clk 0:07:33]} 60. Ba6 {[%clk 0:12:47]} Kg5 {[%clk 0:04:49]} 61. Nd1
{[%clk 0:10:29]} Re1 {[%clk 0:04:05]} 62. Nb2 {[%clk 0:09:27]} Kg4
{[%clk 0:04:18]} 63. Nd3 {[%clk 0:09:21]} Re2+ {[%clk 0:03:30]} 64. Rxe2
{[%clk 0:09:39]} fxe2 {[%clk 0:03:58]} 65. Ne1 {[%clk 0:09:46]} Kg3
{[%clk 0:04:07]} 66. Bxe2 {[%clk 0:10:01]} Kf2 {[%clk 0:04:32]} 0-1

[Event "World Chess Olympiad 2018"]
[Site "Batumi"]
[Date "2018.10.04"]
[Round "10"]
[Board "4"]
[WhiteFideId "5004985"]
[White "Sasikiran Krishnan"]
[BlackFideId "1039784"]
[Black "Van Foreest Jorden"]
[Result "1-0"]
[LiveChessVersion "1.4.8"]
[BlackElo "2624"]
[WhiteElo "2672"]

1. e4 {[%clk 1:30:57]} e5 {[%clk 1:30:50]} 2. Nf3 {[%clk 1:31:17]} Nc6
{[%clk 1:31:14]} 3. Bb5 {[%clk 1:31:36]} g6 {[%clk 1:31:34]} 4. O-O
{[%clk 1:30:12]} Bg7 {[%clk 1:31:39]} 5. c3 {[%clk 1:30:00]} a6 {[%clk 1:30:57]}
6. Ba4 {[%clk 1:28:41]} d6 {[%clk 1:28:47]} 7. d4 {[%clk 1:28:31]} b5
{[%clk 1:28:56]} 8. Bb3 {[%clk 1:24:57]} exd4 {[%clk 1:25:12]} 9. Nxd4
{[%clk 1:20:01]} Bb7 {[%clk 1:07:56]} 10. Re1 {[%clk 1:14:48]} Nge7
{[%clk 1:05:31]} 11. Nf3 {[%clk 1:02:20]} O-O {[%clk 1:04:27]} 12. Bg5
{[%clk 0:59:48]} h6 {[%clk 1:00:36]} 13. Bh4 {[%clk 0:55:24]} Na5
{[%clk 0:52:37]} 14. Bc2 {[%clk 0:52:28]} Nc4 {[%clk 0:46:50]} 15. Nbd2
{[%clk 0:45:14]} Nxd2 {[%clk 0:47:13]} 16. Nxd2 {[%clk 0:41:39]} a5
{[%clk 0:45:00]} 17. f4 {[%clk 0:33:22]} b4 {[%clk 0:45:23]} 18. Rb1
{[%clk 0:32:46]} Rb8 {[%clk 0:38:48]} 19. Nf3 {[%clk 0:28:44]} Ba8
{[%clk 0:33:59]} 20. c4 {[%clk 0:21:23]} Qd7 {[%clk 0:32:48]} 21. Ne5
{[%clk 0:16:52]} Bxe5 {[%clk 0:26:00]} 22. fxe5 {[%clk 0:17:17]} Nc6
{[%clk 0:26:21]} 23. exd6 {[%clk 0:15:14]} Qxd6 {[%clk 0:26:47]} 24. Qxd6
{[%clk 0:14:58]} cxd6 {[%clk 0:27:13]} 25. Rbd1 {[%clk 0:15:00]} Ne5
{[%clk 0:25:11]} 26. Be7 {[%clk 0:14:34]} Rfe8 {[%clk 0:22:15]} 27. Bxd6
{[%clk 0:14:49]} Rbc8 {[%clk 0:22:40]} 28. c5 {[%clk 0:08:48]} Nd7
{[%clk 0:22:25]} 29. Ba4 {[%clk 0:07:49]} Bc6 {[%clk 0:22:48]} 30. Bb3
{[%clk 0:07:39]} a4 {[%clk 0:11:57]} 31. Bc4 {[%clk 0:06:46]} Nf8
{[%clk 0:01:08]} 32. e5 {[%clk 0:05:34]} Ne6 {[%clk 0:01:30]} 33. Rf1
{[%clk 0:05:47]} Rcd8 {[%clk 0:00:59]} 34. Rf6 {[%clk 0:05:35]} Kg7
{[%clk 0:01:09]} 35. Rdf1 {[%clk 0:05:28]} Rd7 {[%clk 0:01:33]} 36. h4
{[%clk 0:05:17]} h5 {[%clk 0:00:51]} 37. Kh2 {[%clk 0:05:14]} Ra7
{[%clk 0:00:38]} 38. a3 {[%clk 0:03:56]} bxa3 {[%clk 0:00:44]} 39. bxa3
{[%clk 0:04:20]} Rb7 {[%clk 0:01:12]} 40. R1f2 {[%clk 0:33:45]} Nd8
{[%clk 0:30:35]} 41. Rd2 {[%clk 0:27:43]} Ne6 {[%clk 0:30:59]} 42. Rff2
{[%clk 0:26:50]} Rb1 {[%clk 0:31:21]} 43. Rb2 {[%clk 0:24:17]} Rc1
{[%clk 0:31:32]} 44. Rfc2 {[%clk 0:22:23]} Rxc2 {[%clk 0:26:12]} 45. Rxc2
{[%clk 0:22:47]} Rc8 {[%clk 0:26:38]} 46. Rb2 {[%clk 0:19:36]} Be4
{[%clk 0:16:48]} 47. Ba6 {[%clk 0:18:30]} Ra8 {[%clk 0:16:52]} 48. Rb6
{[%clk 0:17:03]} Nf4 {[%clk 0:17:09]} 49. e6 {[%clk 0:15:06]} Nxe6
{[%clk 0:16:38]} 50. c6 {[%clk 0:14:39]} Rd8 {[%clk 0:16:54]} 51. Be5+
{[%clk 0:14:18]} Kh7 {[%clk 0:16:33]} 52. c7 {[%clk 0:12:35]} Nxc7
{[%clk 0:16:46]} 53. Bxc7 {[%clk 0:12:59]} Rd2 {[%clk 0:17:13]} 54. Bf1
{[%clk 0:11:39]} Rd1 {[%clk 0:16:31]} 55. Rf6 {[%clk 0:10:50]} Bd5
{[%clk 0:16:54]} 56. Rf2 {[%clk 0:09:42]} Bb3 {[%clk 0:17:06]} 57. Be5
{[%clk 0:09:23]} Re1 {[%clk 0:17:09]} 58. Bf6 {[%clk 0:08:27]} Re3
{[%clk 0:17:15]} 59. Re2 {[%clk 0:08:14]} 1-0

[Event "World Chess Olympiad 2018"]
[Site "Batumi"]
[Date "2018.10.04"]
[Round "10"]
[Board "1"]
[WhiteFideId "13702661"]
[White "Jumabayev Rinat"]
[BlackFideId "2805677"]
[Black "Gelfand Boris"]
[Result "1/2-1/2"]
[LiveChessVersion "1.4.8"]
[BlackElo "2703"]
[WhiteElo "2605"]

1. c4 {[%clk 1:30:58]} c5 {[%clk 1:30:48]} 2. g3 {[%clk 1:31:20]} g6
{[%clk 1:30:26]} 3. Bg2 {[%clk 1:31:40]} Bg7 {[%clk 1:30:51]} 4. Nc3
{[%clk 1:32:05]} Nc6 {[%clk 1:31:01]} 5. Nf3 {[%clk 1:30:45]} d6 {[%clk 1:30:47]}
6. O-O {[%clk 1:31:09]} e6 {[%clk 1:30:33]} 7. e3 {[%clk 1:31:09]} Nge7
{[%clk 1:30:17]} 8. d4 {[%clk 1:31:25]} O-O {[%clk 1:30:42]} 9. Re1
{[%clk 1:31:53]} Re8 {[%clk 1:22:06]} 10. Rb1 {[%clk 1:31:40]} Rb8
{[%clk 1:17:10]} 11. Bd2 {[%clk 1:03:22]} a6 {[%clk 1:08:47]} 12. d5
{[%clk 0:57:44]} Na5 {[%clk 1:06:59]} 13. b3 {[%clk 0:55:08]} b5 {[%clk 1:06:31]}
14. dxe6 {[%clk 0:50:54]} Bxe6 {[%clk 1:00:30]} 15. Ng5 {[%clk 0:51:13]} bxc4
{[%clk 0:54:00]} 16. Nxe6 {[%clk 0:47:33]} fxe6 {[%clk 0:52:45]} 17. Bf1
{[%clk 0:41:22]} d5 {[%clk 0:35:28]} 18. bxc4 {[%clk 0:40:23]} Rxb1
{[%clk 0:35:43]} 19. Nxb1 {[%clk 0:40:21]} Nxc4 {[%clk 0:32:46]} 20. Bxc4
{[%clk 0:36:42]} dxc4 {[%clk 0:32:42]} 21. Qa4 {[%clk 0:36:56]} Rf8
{[%clk 0:33:01]} 22. Qxa6 {[%clk 0:29:20]} Qd5 {[%clk 0:30:53]} 23. e4
{[%clk 0:28:52]} Qd7 {[%clk 0:26:14]} 24. Qxc4 {[%clk 0:16:30]} Nc6
{[%clk 0:26:20]} 25. Qa4 {[%clk 0:15:24]} Qf7 {[%clk 0:15:47]} 26. f4
{[%clk 0:07:46]} Nd4 {[%clk 0:15:31]} 27. Kg2 {[%clk 0:07:58]} g5
{[%clk 0:11:58]} 28. Rf1 {[%clk 0:05:36]} gxf4 {[%clk 0:11:06]} 29. Rxf4
{[%clk 0:03:52]} Qh5 {[%clk 0:08:10]} 30. Qc4 {[%clk 0:03:38]} Rxf4
{[%clk 0:03:39]} 31. Bxf4 {[%clk 0:04:03]} Qf3+ {[%clk 0:04:04]} 32. Kh3
{[%clk 0:04:30]} Qh5+ {[%clk 0:03:24]} 33. Kg2 {[%clk 0:04:59]} Qf3+
{[%clk 0:03:50]} 34. Kh3 {[%clk 0:05:25]} Qh5+ {[%clk 0:03:21]} 1/2-1/2